000 00463nam a2200169Ia 4500
003 GCL
008 140319s9999 xx 000 0 ara d
040 _aGCL /
_cGCL
082 0 4 _aد
_b050
100 1 _aامين بكير
245 1 0 _aالسير الشعبية فى المسرح المعاصر /
_cامين بكير
300 _a93 ص
490 _aاقرأ
_v0
650 0 4 _aالادب الشعبى
650 0 4 _aالمسرح الشعبى
942 _2ddc
_cBK
999 _c48810
_d48810